[Event "Karlovy Vary op"]
[Site "Karlovy Vary"]
[Date "2009.05.02"]
[Round "5"]
[White "Vasek, Rostislav"]
[Black "Kozak, David"]
[Result "0-1"]
[WhiteElo "1712"]
[BlackElo "1353"]
[PlyCount "126"]
[EventDate "2009.04.29"]
[EventType "swiss"]
[EventRounds "7"]
[EventCountry "CZE"]
[SourceTitle "CBM 130 Extra"]
[Source "ChessBase"]
[SourceDate "2009.07.02"]
[SourceVersion "2"]
[SourceVersionDate "2009.07.15"]
[SourceQuality "1"]

1. e4 c5 2. Nf3 d6 3. c3 Nf6 4. Bc4 e6 5. d3 Be7 6. Na3 0-0 7. 0-0 Nc6 8. Re1 d5 9. exd5 exd5 10. Bb5 Bg4 11. Bg5 Bd6 12. h3 Bd7 13. Bxc6 bxc6 14. Ne5 Bxe5 15. Rxe5 Be6 16. Nc2 h6 17. Bxf6 Qxf6 18. Re3 Rab8 19. Rf3 Qd8 20. b3 Qa5 21. b4 cxb4 22. cxb4 Qa4 23. a3 Rfe8 24. Nd4 Qxd1+ 25. Rxd1 Bd7 26. Re3 Rxe3 27. fxe3 a5 28. bxa5 c5 29. Nf3 Ra8 30. Ne5 Be6 31. Nc6 Ra6 32. Ne5 Rxa5 33. Ra1 c4 34. dxc4 dxc4 35. Nc6 Rg5 36. Nd4 Bxh3 37. Kh2 Bf5 38. Nf3 Rg4 39. g3 Bd3 40. Rc1 Re4 41. Nd2 Rxe3 42. Nxc4 Bxc4 43. Rxc4 Rxa3 44. Kh3 g5 45. Kg4 Kg7 46. Rc5 Kg6 47. Rc6+ f6 48. Rc8 h5+ 49. Kh3 h4 50. Rc6 Rxg3+ 51. Kh2 Re3 52. Rb6 Kf5 53. Rb5+ Re5 54. Rb4 Re4 55. Rb5+ Kg4 56. Rb2 h3 57. Rf2 f5 58. Rc2 f4 59. Rf2 f3 60. Rf1 Re2+ 61. Kh1 Kg3 62. Kg1 f2+ 63. Kh1 Re1 0-1